[Event "17th ECh U20"]
[Site "Arnhem NED"]
[Date "1987.12.22"]
[Round "4"]
[White "Langner, Ladislav"]
[Black "Hansen, Lars Bo"]
[Result "0-1"]
[WhiteElo "2315"]
[BlackElo "2355"]
[EventDate "1987.12.19"]
[PlyCount "150"]

1.Nf3 Nf6 2.c4 c5 3.g3 b6 4.Bg2 Bb7 5.O-O e6 6.b3 Be7 7.Bb2 d6 8.d3 a6 9.
a3 Nbd7 10.Nbd2 Qb8 11.Ra2 O-O 12.Qa1 Rd8 13.Rb1 Ne8 14.b4 Bf6 15.bxc5 
dxc5 16.a4 a5 17.Ne5 Bxe5 18.Bxe5 Nxe5 19.Bxb7 Qxb7 20.Qxe5 Qc6 21.Qe4 Qc7
22.Qf4 Qa7 23.Rab2 Rab8 24.Ne4 Nc7 25.Qg5 Na8 26.h4 h6 27.Qf4 Nc7 28.h5 
Na6 29.Rb5 Nc7 30.R5b3 Na6 31.Rb5 Nb4 32.Kg2 Rd4 33.g4 f6 34.Rg1 Rf8 35.
Qf3 Qc7 36.Kf1 Rfd8 37.Qg3 Qc6 38.Qf3 Kh8 39.Rg3 Rf8 40.Kg1 Rfd8 41.g5 
fxg5 42.Nxg5 hxg5 43.Qxc6 Nxc6 44.Rxb6 R4d6 45.Rxg5 Nd4 46.Rb7 R8d7 47.
Rb8+ Rd8 48.Rb7 R6d7 49.Rxd7 Rxd7 50.Rxc5 Nxe2+ 51.Kh2 Rxd3 52.Rxa5 Rc3 
53.Rc5 Nd4 54.a5 Ra3 55.Kg2 Kg8 56.Rc8+ Kf7 57.Ra8 Nc6 58.Ra6 Nxa5 59.c5 
Nc4 60.Rxa3 Nxa3 61.Kf3 Kf6 62.Ke4 Nb5 63.c6 Nd6+ 64.Kd4 Ke7 65.f4 Nf7 66.
Ke4 Kd8 67.f5 Nd6+ 68.Ke5 exf5 69.Kf4 Kc7 70.Kg5 Kxc6 71.Kg6 f4 72.Kxg7 f3
73.Kg8 f2 74.h6 f1=Q 75.h7 Qf7+ 0-1

[Event "17th ECh U20"]
[Site "Arnhem NED"]
[Date "1987.12.22"]
[Round "4"]
[White "McMahon, Daire"]
[Black "Spycher, Bernard"]
[Result "1/2-1/2"]
[WhiteElo "2290"]
[BlackElo "2245"]
[EventDate "1987.12.19"]
[PlyCount "38"]

1.d4 Nf6 2.c4 g6 3.Nc3 Bg7 4.e4 d6 5.f3 O-O 6.Be3 e5 7.d5 Nh5 8.Qd2 Qh4+ 
9.g3 Nxg3 10.Qf2 Nxf1 11.Qxh4 Nxe3 12.Ke2 Nxc4 13.Rc1 Na6 14.Nd1 Nb6 15.
Nh3 f6 16.Ne3 Bd7 17.Rhd1 Na4 18.Rd2 N4c5 19.Nf2 Nb4 1/2-1/2

[Event "17th ECh U20"]
[Site "Arnhem NED"]
[Date "1987.12.22"]
[Round "4"]
[White "Torhallsson, Trostur"]
[Black "Norwood, David Robert"]
[Result "0-1"]
[WhiteElo "2345"]
[BlackElo "2405"]
[EventDate "1987.12.19"]
[PlyCount "80"]

1.d4 Nf6 2.Nf3 g6 3.c4 Bg7 4.Nc3 c5 5.e4 cxd4 6.Nxd4 d6 7.Be2 O-O 8.Be3 b6
9.Bf3 Bb7 10.e5 Bxf3 11.Qxf3 dxe5 12.Ne6 fxe6 13.Qxa8 Qc7 14.Qf3 Qxc4 15.
Qe2 Qh4 16.O-O Nc6 17.f3 Nd5 18.Nxd5 exd5 19.Rac1 Nd4 20.Bxd4 Qxd4+ 21.Kh1
Qa4 22.Rc7 Bf6 23.b3 Qa5 24.Rfc1 Rd8 25.h3 Kf7 26.R1c6 d4 27.Qc4+ Qd5 28.
Qd3 Rd7 29.Rxd7 Qxd7 30.Rc2 Qf5 31.Qe4 Bg5 32.Kg1 d3 33.Rc3 d2 34.Rd3 b5 
35.Rd8 Qf6 36.Kh2 Kg7 37.Rd3 h5 38.Qd5 h4 39.Kh1 e4 40.Rxd2 Bxd2 0-1

[Event "17th ECh U20"]
[Site "Arnhem NED"]
[Date "1987.12.22"]
[Round "4"]
[White "Vandevoort, Pascal"]
[Black "Damaso, Rui"]
[Result "0-1"]
[WhiteElo "2005"]
[BlackElo "2320"]
[EventDate "1987.12.19"]
[PlyCount "76"]

1.e4 c5 2.f4 Nf6 3.e5 Nd5 4.d3 Nc6 5.g3 d6 6.exd6 e5 7.Bg2 Qxd6 8.Nc3 Nxc3
9.bxc3 Qc7 10.Nf3 Bd6 11.fxe5 Nxe5 12.Nxe5 Bxe5 13.O-O O-O 14.Bf4 Bd7 15.
Qh5 Rae8 16.Rae1 Bxf4 17.Rxe8 Rxe8 18.Rxf4 g6 19.Qd5 Re1+ 20.Rf1 Rxf1+ 21.
Kxf1 b6 22.Qe4 Be6 23.a4 Qd7 24.Qc6 Qxc6 25.Bxc6 Kf8 26.Ke2 Ke7 27.Ke3 Kd6
28.Bb5 g5 29.c4 Bc8 30.Be8 f5 31.c3 Bb7 32.h4 Ke7 33.Bh5 g4 34.Kf4 Bc6 35.
Kxf5 Bxa4 36.Bxg4 Bd7+ 37.Kg5 Bxg4 38.Kxg4 a5 0-1

[Event "17th ECh U20"]
[Site "Arnhem NED"]
[Date "1987.12.22"]
[Round "4"]
[White "Wians, Camille"]
[Black "Bern, Ivar"]
[Result "1-0"]
[WhiteElo "2245"]
[BlackElo "2275"]
[EventDate "1987.12.19"]
[PlyCount "91"]

1.Nf3 g6 2.g3 Bg7 3.Bg2 e5 4.d3 Nc6 5.e4 d6 6.c3 h6 7.O-O Nge7 8.Nbd2 O-O 
9.b4 a6 10.Bb2 Bg4 11.h3 Be6 12.Kh2 Qd7 13.a3 f5 14.d4 fxe4 15.Nxe4 Rf7 
16.dxe5 Nxe5 17.Nxe5 Bxe5 18.Qe2 Raf8 19.f4 Bg7 20.Rae1 Bd5 21.Rd1 Bb3 22.
Nc5 Bxd1 23.Rxd1 Qc8 24.Ne6 g5 25.Nxf8 Qxf8 26.fxg5 Be5 27.Qg4 hxg5 28.Bc1
Bxc3 29.Bxg5 Bg7 30.Re1 c6 31.h4 Nf5 32.Re6 d5 33.h5 Kh8 34.Bf4 Nh6 35.Qe2
Rxf4 36.Re8 Ng4+ 37.Kh3 Nf2+ 38.Kh2 Ng4+ 39.Kh1 Qxe8 40.Qxe8+ Rf8 41.Qg6 
Ne5 42.Qd6 Nc4 43.Qd7 Ne5 44.Qxb7 d4 45.Qe7 d3 46.h6 1-0

[Event "17th ECh U20"]
[Site "Arnhem NED"]
[Date "1987.12.23"]
[Round "5"]
[White "Bern, Ivar"]
[Black "McMahon, Daire"]
[Result "1-0"]
[WhiteElo "2275"]
[BlackElo "2290"]
[EventDate "1987.12.19"]
[PlyCount "83"]

1.Nf3 d5 2.d4 c6 3.c4 Nf6 4.cxd5 cxd5 5.Nc3 Nc6 6.Bf4 e6 7.e3 Be7 8.Bd3 
O-O 9.a3 Nh5 10.Bg3 f5 11.b4 Nf6 12.Be2 Bd7 13.O-O Ne4 14.Nxe4 fxe4 15.Ne5
Rc8 16.Qb3 Nxe5 17.Bxe5 Qb6 18.b5 Bd6 19.Bxd6 Qxd6 20.Rac1 Rc7 21.Rxc7 
Qxc7 22.Qb4 Re8 23.Qc5 Qxc5 24.dxc5 Rc8 25.Rc1 Kf7 26.a4 Ke7 27.Kf1 e5 28.
f3 exf3 29.Bxf3 Be6 30.Ke1 g6 31.Kd2 Kd7 32.a5 Ke7 33.Rc3 Kd7 34.Bd1 Bf7 
35.b6 axb6 36.cxb6 Rxc3 37.Kxc3 Kc6 38.Kb4 Kd6 39.a6 bxa6 40.Ka5 Kd7 41.
Kxa6 d4 42.b7 1-0

[Event "17th ECh U20"]
[Site "Arnhem NED"]
[Date "1987.12.23"]
[Round "5"]
[White "Damaso, Rui"]
[Black "Brenninkmeijer, Joris"]
[Result "1/2-1/2"]
[WhiteElo "2320"]
[BlackElo "2345"]
[EventDate "1987.12.19"]
[PlyCount "82"]

1.Nf3 Nf6 2.g3 d5 3.Bg2 c6 4.O-O Bg4 5.d3 Nbd7 6.Nbd2 e5 7.e4 dxe4 8.dxe4 
Be7 9.h3 Bh5 10.g4 Bg6 11.Nh4 O-O 12.Nf5 Nc5 13.Qe2 Bxf5 14.gxf5 b5 15.Nf3
Qc7 16.Nh2 Rad8 17.Ng4 Nxg4 18.hxg4 f6 19.Be3 Rd7 20.b3 Kh8 21.a4 a6 22.
axb5 axb5 23.f3 Nb7 24.Ra7 Qc8 25.Qf2 Bb4 26.g5 fxg5 27.f6 Rdf7 28.fxg7+ 
Rxg7 29.Qg3 Qb8 30.Rfa1 Qd6 31.Ra8 Bc5 32.Bxc5 Qxc5+ 33.Kh2 Nd8 34.Rd1 Ne6
35.Rxf8+ Nxf8 36.Rd8 Qe7 37.Rc8 Qf6 38.Bh3 Re7 39.Bf5 Kg7 40.Qh3 h6 41.Qf1
Ng6 1/2-1/2

[Event "17th ECh U20"]
[Site "Arnhem NED"]
[Date "1987.12.23"]
[Round "5"]
[White "Gdanski, Jacek"]
[Black "Wians, Camille"]
[Result "1-0"]
[WhiteElo "2400"]
[BlackElo "2245"]
[EventDate "1987.12.19"]
[PlyCount "121"]

1.e4 g6 2.d4 Bg7 3.Nc3 c6 4.f4 d5 5.e5 h5 6.Be3 Nh6 7.Qd2 b5 8.Nf3 Bf5 9.
a4 b4 10.Nd1 a5 11.h3 Nd7 12.Nf2 b3 13.cxb3 Rb8 14.Rc1 Rxb3 15.Rxc6 O-O 
16.Bb5 Be4 17.Nxe4 dxe4 18.Ng5 Nf5 19.Rc3 Rb4 20.Nxe4 Nb6 21.O-O Nxe3 22.
Rxe3 Qxd4 23.Qxd4 Rxd4 24.Nc3 e6 25.h4 Rfd8 26.g3 Bf8 27.Re2 Bc5 28.Kg2 
Nd5 29.Kf3 Ne7 30.Ne4 Bb4 31.Nf6+ Kg7 32.g4 hxg4+ 33.Kxg4 Nf5 34.h5 Rd1 
35.Rxd1 Rxd1 36.hxg6 Rg1+ 37.Kh3 Rg3+ 38.Kh2 Rxg6 39.Rg2 Bc5 40.Rxg6+ Kxg6
41.Kg2 Be3 42.Kf3 Bc1 43.Bd3 Bxb2 44.Kg4 Bc3 45.Nd7 Bd4 46.Nb8 f6 47.Nc6 
Bc3 48.Nd8 fxe5 49.Nxe6 Kf6 50.Bxf5 Ke7 51.fxe5 Bxe5 52.Kf3 Kd6 53.Ke4 Bg3
54.Kd4 Kc6 55.Be4+ Kb6 56.Kd5 Be1 57.Nf8 Bf2 58.Nd7+ Kc7 59.Ne5 Kb6 60.
Nc4+ Ka6 61.Kc6 1-0

[Event "17th ECh U20"]
[Site "Arnhem NED"]
[Date "1987.12.23"]
[Round "5"]
[White "Hansen, Lars Bo"]
[Black "Riemersma, Liafbern"]
[Result "1-0"]
[WhiteElo "2355"]
[BlackElo "2345"]
[EventDate "1987.12.19"]
[PlyCount "49"]

1.d4 Nf6 2.c4 g6 3.Nc3 Bg7 4.e4 d6 5.Bd3 O-O 6.Nge2 Nc6 7.O-O a6 8.a3 Nd7 
9.Be3 e5 10.d5 Nd4 11.Bb1 Nc5 12.b4 Ncb3 13.Ra2 c5 14.dxc6 bxc6 15.Rb2 f5 
16.f3 f4 17.Bf2 Qg5 18.Kh1 Nxf3 19.gxf3 Bh3 20.Rg1 Qh5 21.Qd3 Nd4 22.Nxd4 
exd4 23.Nd1 d5 24.cxd5 cxd5 25.Ba2 1-0

[Event "17th ECh U20"]
[Site "Arnhem NED"]
[Date "1987.12.23"]
[Round "5"]
[White "Horvath, Csaba"]
[Black "Vandevoort, Pascal"]
[Result "0-1"]
[WhiteElo "2455"]
[BlackElo "2005"]
[EventDate "1987.12.19"]
[PlyCount "132"]

1.e4 d5 2.exd5 Nf6 3.d4 Bg4 4.Nf3 Qxd5 5.Be2 Nc6 6.c4 Qh5 7.O-O O-O-O 8.d5
Ne5 9.Nbd2 e6 10.h3 Bxf3 11.Nxf3 exd5 12.cxd5 Nxd5 13.Qe1 Bd6 14.Nd4 Qg6 
15.Qa5 Nb6 16.Nb5 a6 17.Nxd6+ Qxd6 18.b3 Nc6 19.Qf5+ Kb8 20.Qxf7 Nd4 21.
Bd1 Nd5 22.Qxg7 Nc3 23.Kh1 Rhg8 24.Qh6 Qd5 25.Bg4 Nc2 26.Bf4 Nxa1 27.Rxa1 
Ne4 28.Rf1 Qd3 29.Kg1 Nc3 30.Re1 Nd5 31.Bg3 Rge8 32.Rd1 Qc3 33.Qxh7 Nf6 
34.Rxd8+ Rxd8 35.Qf5 Nxg4 36.Qxg4 Qa1+ 37.Kh2 Qxa2 38.Qc4 Qa5 39.b4 Qb6 
40.h4 Rd4 41.Qg8+ Ka7 42.Qc8 Rc4 43.h5 a5 44.Qf8 axb4 45.f3 Rc6 46.Be5 Qb5
47.Qg7 b3 48.Bd4+ b6 49.g4 Rc2+ 50.Kg3 Qe2 51.Kf4 Qh2+ 52.Kg5 b2 53.Bxb2 
Rxb2 54.f4 Rb5+ 55.f5 Qd2+ 56.Kg6 Qf4 57.Kh7 Rd5 58.h6 Kb7 59.Kh8 Rd8+ 60.
Kh7 b5 61.Qe7 Rb8 62.Qh4 b4 63.Kg7 b3 64.h7 b2 65.Qh1+ c6 66.Qd1 Qb4 0-1

[Event "17th ECh U20"]
[Site "Arnhem NED"]
[Date "1987.12.23"]
[Round "5"]
[White "Koch, Jean-Rene"]
[Black "Bellini, Fabio"]
[Result "0-1"]
[WhiteElo "2270"]
[BlackElo "2275"]
[EventDate "1987.12.19"]
[PlyCount "76"]

1.e4 c5 2.Nf3 e6 3.d4 cxd4 4.Nxd4 Nf6 5.Nc3 d6 6.Be3 Nc6 7.Bc4 a6 8.Qe2 
Qc7 9.O-O-O Be7 10.g4 Ne5 11.Bb3 Nexg4 12.Rhg1 Nxe3 13.Qxe3 g6 14.f4 Nd7 
15.f5 Nc5 16.fxe6 fxe6 17.Qh3 Nxb3+ 18.axb3 Bf6 19.Nxe6 Qe7 20.Nd5 Bxe6 
21.Nxf6+ Qxf6 22.Qg3 Qe5 23.Qh4 O-O 24.Kb1 a5 25.Rg5 Qf6 26.Qg3 a4 27.b4 
Kg7 28.Ra5 Rxa5 29.bxa5 Qe5 30.Qa3 Qxe4 31.Qxd6 Rf7 32.Qc5 h6 33.Qc3+ Kh7 
34.Re1 Qc4 35.Qe3 Qa2+ 36.Kc1 Rd7 37.Qa3 Qxa3 38.bxa3 Bd5 0-1

[Event "17th ECh U20"]
[Site "Arnhem NED"]
[Date "1987.12.23"]
[Round "5"]
[White "Pieniazek, Artur"]
[Black "Fernandez Aguado, Enrique"]
[Result "1-0"]
[WhiteElo "2280"]
[BlackElo "2335"]
[EventDate "1987.12.19"]
[PlyCount "29"]

1.d4 Nf6 2.c4 e6 3.Nc3 c5 4.d5 d6 5.e4 exd5 6.exd5 Be7 7.Bd3 O-O 8.Nge2 
Nbd7 9.f4 Ng4 10.Ng3 Ndf6 11.O-O Re8 12.h3 Bf8 13.hxg4 Nxg4 14.Bf5 Qh4 15.
Qxg4 1-0

[Event "17th ECh U20"]
[Site "Arnhem NED"]
[Date "1987.12.23"]
[Round "5"]
[White "Wessman, Richard"]
[Black "Kosic, Dragan"]
[Result "0-1"]
[WhiteElo "2285"]
[BlackElo "2385"]
[EventDate "1987.12.19"]
[PlyCount "84"]

1.d4 d5 2.c4 c6 3.Nc3 Nf6 4.e3 Qb6 5.Nf3 Bg4 6.h3 Bxf3 7.Qxf3 e6 8.Bd3 
Nbd7 9.O-O Be7 10.b3 O-O 11.Bb2 Rfe8 12.Rad1 a5 13.e4 dxe4 14.Nxe4 Nxe4 
15.Bxe4 Nf6 16.Bb1 a4 17.Rd3 Red8 18.Re1 Ra5 19.Re5 axb3 20.Rxb3 Qa6 21.
Rxa5 Qxa5 22.Qe2 Qa6 23.Rf3 Qa5 24.Qc2 Qh5 25.Qb3 b5 26.cxb5 cxb5 27.Bd3 
b4 28.Re3 Nd5 29.Re5 Qh6 30.Bc4 Nf4 31.Qf3 Bd6 32.Ra5 Qg6 33.Bf1 Qb1 34.
Ra8 Ne2+ 35.Qxe2 Rxa8 36.d5 Rxa2 37.dxe6 Qxb2 38.exf7+ Kxf7 39.Qf3+ Ke7 
40.Qb7+ Kd8 41.Qb6+ Bc7 42.Qc5 Qxf2+ 0-1

[Event "17th ECh U20"]
[Site "Arnhem NED"]
[Date "1987.12.24"]
[Round "6"]
[White "Bellini, Fabio"]
[Black "Torhallsson, Trostur"]
[Result "0-1"]
[WhiteElo "2275"]
[BlackElo "2345"]
[EventDate "1987.12.19"]
[PlyCount "50"]

1.e4 e5 2.Nc3 g6 3.h4 Nc6 4.h5 Nf6 5.hxg6 fxg6 6.Bc4 Bg7 7.Nf3 Qe7 8.d3 
Nd4 9.Nxd4 exd4 10.Ne2 Nxe4 11.O-O Ng5 12.Nf4 Ne6 13.Re1 O-O 14.Qg4 Qf6 
15.Re2 Kh8 16.Nxe6 dxe6 17.Bxe6 h5 18.Qh3 Re8 19.Bxc8 Rxe2 20.f3 Qe5 21.
Bxb7 Re1+ 22.Kf2 Rxc1 23.Rxc1 Qe3+ 24.Kg3 Be5+ 25.Kh4 Qf4+ 0-1

[Event "17th ECh U20"]
[Site "Arnhem NED"]
[Date "1987.12.24"]
[Round "6"]
[White "Bern, Ivar"]
[Black "Spycher, Bernard"]
[Result "0-1"]
[WhiteElo "2275"]
[BlackElo "2245"]
[EventDate "1987.12.19"]
[PlyCount "81"]

1.c4 g6 2.g3 Bg7 3.Bg2 d6 4.Nc3 Nf6 5.d4 O-O 6.Nf3 Nc6 7.O-O a6 8.b3 Rb8 
9.e3 b5 10.Qe2 b4 11.Na4 e5 12.dxe5 dxe5 13.Bb2 Qe7 14.c5 Rd8 15.h3 Bb7 
16.Rac1 e4 17.Nd2 Na7 18.Rfd1 Rd3 19.c6 Bxc6 20.Bd4 Rxd4 21.exd4 Bb5 22.
Qe3 Nc6 23.Nxe4 Nd5 24.Nf6+ Qxf6 25.Bxd5 Nxd4 26.Rxc7 Rf8 27.Qe7 Qf5 28.
Qe4 Qxh3 29.Bc4 Re8 30.Bxf7+ Kf8 31.Bxe8 Ne2+ 32.Qxe2 Bxe2 33.Re1 Be5 34.
Bd7 Qh5 35.Rc8+ Kg7 36.Bc6 Bg4 37.Bg2 Bxc8 38.Nc5 Bd4 39.Ne4 Bh3 40.Bh1 
Bf5 41.Nd6 0-1

[Event "17th ECh U20"]
[Site "Arnhem NED"]
[Date "1987.12.24"]
[Round "6"]
[White "Calinescu, Gruia"]
[Black "Horvath, Csaba"]
[Result "0-1"]
[WhiteElo "2240"]
[BlackElo "2455"]
[EventDate "1987.12.19"]
[PlyCount "122"]

1.d4 d5 2.c4 c6 3.Nf3 Nf6 4.Nc3 dxc4 5.a4 Bf5 6.e3 e6 7.Bxc4 Bb4 8.O-O O-O
9.Nh4 Nbd7 10.f3 Bg6 11.Nxg6 hxg6 12.Qc2 Rc8 13.Rd1 Qe7 14.a5 Rfd8 15.a6 
b6 16.Qb3 c5 17.Nb5 Nb8 18.Be2 Nc6 19.dxc5 Qxc5 20.Kf2 Rxd1 21.Qxd1 Rd8 
22.Qb3 Na5 23.Qa4 Rd7 24.Nd4 Qd6 25.Nc2 Nd5 26.Nxb4 Nxb4 27.Kg1 Rc7 28.Qd1
Qxd1+ 29.Bxd1 Rd7 30.Ba4 b5 31.Bxb5 Rd1+ 32.Kf2 Nb3 33.Ra4 Nd5 34.e4 Nc7 
35.Be2 Rxc1 36.Rb4 Nc5 37.Rb8+ Kh7 38.Rc8 Na4 39.b4 Rc3 40.Rf8 f6 41.Rb8 
Nb6 42.Ke1 Ra3 43.Rb7 Nxa6 44.Rxa7 Nxb4 45.Rxa3 Nc2+ 46.Kd2 Nxa3 47.Kc3 
Nb1+ 48.Kc2 Na4 49.Bf1 Nbc3 50.Bc4 e5 51.Kb3 Kh6 52.Kb4 Nd1 53.Kxa4 Ne3 
54.Kb4 Nxg2 55.Kc5 Nh4 56.Be2 Kg5 57.Kd6 Kf4 58.Ke6 Nxf3 59.Kf7 Nxh2 60.
Kxg7 f5 61.Kxg6 fxe4 0-1

[Event "17th ECh U20"]
[Site "Arnhem NED"]
[Date "1987.12.24"]
[Round "6"]
[White "Fernandez Aguado, Enrique"]
[Black "Vandevoort, Pascal"]
[Result "0-1"]
[WhiteElo "2335"]
[BlackElo "2005"]
[EventDate "1987.12.19"]
[PlyCount "108"]

1.e4 d5 2.exd5 Nf6 3.d4 Bg4 4.Nf3 Qxd5 5.Be2 Nc6 6.h3 Bxf3 7.Bxf3 Qd7 8.c3
e5 9.O-O O-O-O 10.Bg5 exd4 11.Qa4 Ne5 12.Qxd7+ Rxd7 13.Bd1 Bc5 14.cxd4 
Bxd4 15.Nc3 Bxc3 16.bxc3 Ne4 17.Bf4 Nd3 18.Be3 f5 19.Ba4 Rd6 20.Bc2 Nxc3 
21.a4 f4 22.Bxa7 Rhd8 23.Ra3 Rc6 24.Kh2 g6 25.Bd1 Nxd1 26.Rxd1 Rcd6 27.a5 
Ra6 28.Raxd3 Rxd3 29.Rxd3 Rxa7 30.Rd5 Ra6 31.h4 c6 32.Rg5 Kd7 33.h5 Ra8 
34.hxg6 hxg6 35.Kh3 Rc8 36.Rxg6 c5 37.Rb6 c4 38.Kg4 c3 39.Rb1 Kc6 40.Kxf4 
c2 41.Rc1 Kb5 42.Ke4 Kb4 43.f4 Kc3 44.g4 Kd2 45.Rxc2+ Kxc2 46.g5 Rg8 47.
Kd4 Kd2 48.Kc5 Rg6 49.Kd4 Ra6 50.f5 Rxa5 51.Ke4 b5 52.f6 b4 53.f7 Ra8 54.
g6 b3 0-1

[Event "17th ECh U20"]
[Site "Arnhem NED"]
[Date "1987.12.24"]
[Round "6"]
[White "Gelfand, Boris"]
[Black "Pieniazek, Artur"]
[Result "1-0"]
[WhiteElo "2510"]
[BlackElo "2280"]
[EventDate "1987.12.19"]
[PlyCount "79"]

1.d4 Nf6 2.c4 e6 3.Nf3 b6 4.Nc3 Bb7 5.a3 d5 6.cxd5 Nxd5 7.Qc2 Be7 8.Bd2 
O-O 9.e4 Nxc3 10.Bxc3 c5 11.dxc5 Bxc5 12.Bd3 Nd7 13.Rd1 Qc7 14.b4 Bd6 15.
Qb2 e5 16.O-O Rac8 17.Rc1 Qb8 18.Nd2 Nf6 19.Rfe1 Rfe8 20.Nc4 Bc7 21.b5 Bd6
22.Rcd1 Rcd8 23.Bb1 Qc7 24.Nxd6 Rxd6 25.Rc1 Rdd8 26.f3 h6 27.Ba2 Qc5+ 28.
Kh1 Rd3 29.Bb4 Qd4 30.Qxd4 Rxd4 31.Rc7 Rd7 32.Rxd7 Nxd7 33.Rd1 Nf6 34.Rd6 
Rc8 35.h4 Rc7 36.Rd8+ Kh7 37.Bd6 Rc2 38.Bxf7 Nxe4 39.fxe4 Bxe4 40.h5 $1 
1-0

[Event "17th ECh U20"]
[Site "Arnhem NED"]
[Date "1987.12.24"]
[Round "6"]
[White "Langner, Ladislav"]
[Black "Gdanski, Jacek"]
[Result "1-0"]
[WhiteElo "2315"]
[BlackElo "2400"]
[EventDate "1987.12.19"]
[PlyCount "77"]

1.e4 e6 2.d4 d5 3.e5 b6 4.c3 Qd7 5.Bd3 Ba6 6.Bc2 c5 7.Ne2 Nc6 8.Ba4 Bxe2 
9.Qxe2 cxd4 10.cxd4 a6 11.Be3 b5 12.Bc2 f5 13.a4 b4 14.a5 f4 15.Bxf4 Nxd4 
16.Ba4 Nxe2 17.Kxe2 Ne7 18.Rc1 Ng6 19.Bg3 h5 20.h3 Qxa4 21.Rxa4 Kd7 22.Nd2
Be7 23.Nb3 Rhc8 24.f4 h4 25.Bh2 Rxc1 26.Nxc1 Rc8 27.Kd2 Kc6 28.Ne2 Kb5 29.
b3 Bc5 30.Ra1 Ne7 31.Bg1 Bxg1 32.Nxg1 Nf5 33.Ne2 Rg8 34.Kd3 g5 35.Rf1 Kxa5
36.fxg5 Rxg5 37.Nf4 Kb5 38.Nxe6 a5 39.Nxg5 1-0

[Event "17th ECh U20"]
[Site "Arnhem NED"]
[Date "1987.12.24"]
[Round "6"]
[White "Lev, Ronen"]
[Black "Lutz, Christopher"]
[Result "1/2-1/2"]
[WhiteElo "2400"]
[BlackElo "2295"]
[EventDate "1987.12.19"]
[PlyCount "89"]

1.d4 d5 2.Nf3 Nf6 3.c4 c6 4.cxd5 cxd5 5.Nc3 Nc6 6.Bf4 a6 7.Rc1 Ne4 8.a3 
Nxc3 9.Rxc3 Qb6 10.Qc2 g6 11.e3 Bg7 12.Rc5 Bf5 13.Qc3 O-O 14.Be2 Rac8 15.
b4 a5 16.b5 e5 17.bxc6 exf4 18.exf4 Qb1+ 19.Qc1 Qxc1+ 20.Rxc1 Rxc6 21.Rxc6
bxc6 22.Ne5 Bxe5 23.fxe5 Rb8 24.O-O Rb2 25.Ba6 Ra2 26.Bb7 Bd7 27.Rc1 Rxa3 
28.f3 Rd3 29.Bxc6 Bxc6 30.Rxc6 Rxd4 31.Rc5 a4 32.Ra5 Kf8 33.Kf2 Ke7 34.Ke3
Rb4 35.Rxd5 Rb2 36.Ra5 Rxg2 37.Rxa4 Rxh2 38.f4 Rh3+ 39.Ke4 h5 40.Ra7+ Kf8 
41.Ra8+ Kg7 42.Ra7 Rh1 43.Kf3 Rf1+ 44.Kg3 h4+ 45.Kg4 1/2-1/2

[Event "17th ECh U20"]
[Site "Arnhem NED"]
[Date "1987.12.24"]
[Round "6"]
[White "McMahon, Daire"]
[Black "Casagrande, Harald"]
[Result "1/2-1/2"]
[WhiteElo "2290"]
[BlackElo "2325"]
[EventDate "1987.12.19"]
[PlyCount "42"]

1.d4 Nf6 2.Nf3 e6 3.Bg5 c5 4.e3 Qb6 5.Qc1 Ne4 6.Bh4 d5 7.c3 Nc6 8.Nbd2 f5 
9.Be2 Bd7 10.Bg3 Rc8 11.Nxe4 fxe4 12.Ne5 cxd4 13.exd4 Nxd4 14.Bh5+ g6 15.
Qg5 Nc2+ 16.Kd2 Nxa1 17.Bxg6+ hxg6 18.Qxg6+ Kd8 19.Qf6+ Be7 20.Qxh8+ Be8 
21.Nf7+ Kd7 1/2-1/2

[Event "17th ECh U20"]
[Site "Arnhem NED"]
[Date "1987.12.26"]
[Round "7"]
[White "Brenninkmeijer, Joris"]
[Black "Gelfand, Boris"]
[Result "0-1"]
[WhiteElo "2345"]
[BlackElo "2510"]
[EventDate "1987.12.19"]
[PlyCount "98"]

1.d4 Nf6 2.c4 g6 3.Nc3 Bg7 4.e4 d6 5.f3 O-O 6.Be3 c5 7.dxc5 dxc5 8.Qxd8 
Rxd8 9.Bxc5 Nc6 10.Ba3 b6 11.Nge2 e6 12.Rd1 Nd7 13.b3 Bb7 14.g3 Nde5 15.
Bg2 Nd3+ 16.Kf1 a6 17.f4 b5 18.Bc1 bxc4 19.bxc4 f6 20.Be3 Na5 21.Bd4 Nb2 
22.Rb1 Naxc4 23.Kf2 e5 24.Be3 Bc6 25.Nc1 Nxe3 26.Kxe3 Nc4+ 27.Kf2 Bf8 28.
Rd1 Rxd1 29.Nxd1 exf4 30.gxf4 Nd2 31.Rb2 Nxe4+ 32.Bxe4 Bxe4 33.Nc3 Re8 34.
Nxe4 Rxe4 35.Nd3 a5 36.Kf3 Ra4 37.Ke3 Kf7 38.Rc2 Bd6 39.Rc6 Ke7 40.Rc2 Ra3
41.Ke4 Ke6 42.Rb2 Ra4+ 43.Kf3 Kd5 44.Ke3 Re4+ 45.Kf3 Ra4 46.Ke3 Ra3 47.Rd2
Ke6 48.Ke4 Ra4+ 49.Ke3 Kf5 0-1

[Event "17th ECh U20"]
[Site "Arnhem NED"]
[Date "1987.12.26"]
[Round "7"]
[White "Casagrande, Harald"]
[Black "Bern, Ivar"]
[Result "0-1"]
[WhiteElo "2325"]
[BlackElo "2275"]
[EventDate "1987.12.19"]
[PlyCount "66"]

1.c4 e5 2.Nc3 Nc6 3.g3 g6 4.Bg2 Bg7 5.Nf3 d6 6.O-O Nge7 7.d3 O-O 8.Rb1 Rb8
9.b4 a6 10.a4 a5 11.b5 Nb4 12.Ne1 c5 13.Nd5 Nexd5 14.cxd5 b6 15.h4 h6 16.
h5 gxh5 17.e4 f5 18.exf5 Bxf5 19.Be4 Qe8 20.Ng2 Bxe4 21.dxe4 Qg6 22.Qe2 
Bf6 23.Kh2 Rb7 24.f4 Rg7 25.Rb3 c4 26.Qxc4 h4 27.Rff3 Qh5 28.gxh4 Kh8 29.
f5 Rfg8 30.Rg3 Bxh4 31.Rxg7 Rxg7 32.Kg1 Qd1+ 33.Kh2 Bf2 0-1

[Event "17th ECh U20"]
[Site "Arnhem NED"]
[Date "1987.12.26"]
[Round "7"]
[White "Gdanski, Jacek"]
[Black "Calinescu, Gruia"]
[Result "0-1"]
[WhiteElo "2400"]
[BlackElo "2240"]
[EventDate "1987.12.19"]
[PlyCount "112"]

1.e4 c5 2.Nf3 d6 3.d4 cxd4 4.Nxd4 Nf6 5.Nc3 a6 6.Bc4 e6 7.Bb3 b5 8.Qf3 Qb6
9.Be3 Qb7 10.O-O Be7 11.Qg3 Nc6 12.Nxc6 Qxc6 13.Rfe1 Bb7 14.Bg5 O-O 15.Bh6
Ne8 16.a3 Kh8 17.Bg5 Bxg5 18.Qxg5 Nf6 19.Rad1 Rad8 20.Rd3 Rd7 21.f3 Qc5+ 
22.Qe3 Qxe3+ 23.Rdxe3 Kg8 24.Rd3 Rfd8 25.Kf2 Kf8 26.Red1 Ke7 27.Ke3 Rc8 
28.Ne2 Rc5 29.c3 h5 30.Ba2 g6 31.b4 Rc8 32.Bb3 Bc6 33.Ra1 Rb7 34.Nd4 Nd7 
35.a4 Ne5 36.Rdd1 bxa4 37.Ba2 Bb5 38.Rdc1 Rbc7 39.Kd2 Nc4+ 40.Bxc4 Rxc4 
41.Ra3 Bd7 42.Rb1 f5 43.Re1 Kf6 44.g3 h4 45.Kd3 Bb5 46.Kd2 hxg3 47.hxg3 e5
48.Nc2 fxe4 49.fxe4 Ke6 50.Re2 Rxc3 51.Rxc3 Rxc3 52.Kxc3 Bxe2 53.Kd2 Bb5 
54.Ne3 a3 55.Kc3 Bc6 56.Nc2 a2 0-1

[Event "17th ECh U20"]
[Site "Arnhem NED"]
[Date "1987.12.26"]
[Round "7"]
[White "Koch, Jean-Rene"]
[Black "Wians, Camille"]
[Result "1-0"]
[WhiteElo "2270"]
[BlackElo "2245"]
[EventDate "1987.12.19"]
[PlyCount "52"]

1.e4 g6 2.d4 Bg7 3.Nf3 d6 4.Be2 Nf6 5.Nc3 c6 6.O-O O-O 7.a4 Bg4 8.Be3 a5 
9.Qd2 Na6 10.h3 Bxf3 11.Bxf3 Nd7 12.Rad1 Nc7 13.Be2 d5 14.exd5 Nxd5 15.
Nxd5 cxd5 16.Bb5 Nf6 17.Qd3 Qd6 18.b3 Nh5 19.c4 e6 20.c5 Qc7 21.Bd2 e5 22.
dxe5 Bxe5 23.Qxd5 Rad8 24.Qc4 Bd4 25.Bh6 Qe5 26.Bxf8 Rxf8 1-0

[Event "17th ECh U20"]
[Site "Arnhem NED"]
[Date "1987.12.26"]
[Round "7"]
[White "Langner, Ladislav"]
[Black "Kosic, Dragan"]
[Result "1-0"]
[WhiteElo "2315"]
[BlackElo "2385"]
[EventDate "1987.12.19"]
[PlyCount "79"]

1.e4 e6 2.d4 d5 3.e5 c5 4.c3 Nc6 5.Nf3 Bd7 6.a3 Qb6 7.b4 cxd4 8.cxd4 Rc8 
9.Be2 Nge7 10.O-O Nf5 11.Be3 Be7 12.Qd3 f6 13.b5 Na5 14.g4 Nxe3 15.Qxe3 
Nc4 16.Bxc4 Rxc4 17.Nbd2 Ra4 18.exf6 Bxf6 19.Nb3 Be7 20.Ne5 Bxb5 21.Rfc1 
O-O 22.Nc5 Bxc5 23.Rxc5 Be8 24.Rac1 Qb2 25.R1c3 Qb1+ 26.Kg2 b6 27.Rc7 Bb5 
28.Rxg7+ Kh8 29.Rc1 Qxc1 30.Qxc1 Kxg7 31.Qg5+ Kh8 32.Qe7 Re8 33.Qc7 Rxd4 
34.Nf7+ Kg7 35.Ng5+ Kf6 36.f4 Rd2+ 37.Kg3 Rd3+ 38.Kh4 Re7 39.Qe5+ Kg6 40.
f5+ 1-0

[Event "17th ECh U20"]
[Site "Arnhem NED"]
[Date "1987.12.26"]
[Round "7"]
[White "Lutz, Christopher"]
[Black "Horvath, Csaba"]
[Result "1/2-1/2"]
[WhiteElo "2295"]
[BlackElo "2455"]
[EventDate "1987.12.19"]
[PlyCount "107"]

1.d4 d5 2.c4 c6 3.Nf3 Nf6 4.Nc3 dxc4 5.a4 Bf5 6.Ne5 e6 7.g3 Bb4 8.Bg2 Be4 
9.f3 Bg6 10.e4 c5 11.Be3 cxd4 12.Qxd4 Qxd4 13.Bxd4 Nc6 14.Nxc6 bxc6 15.Bf1
Nd7 16.Bxc4 e5 17.Be3 f6 18.O-O-O Ke7 19.Rd2 Nb6 20.Bb3 Bf7 21.Bxf7 Kxf7 
22.Rhd1 Rhe8 23.Kc2 Re7 24.Rd3 Rc8 25.b3 c5 26.Rd8 Rc6 27.Nd5 Rb7 28.Nxb6 
Rcxb6 29.R1d7+ Ke6 30.Rxb7 Rxb7 31.Rd5 Rd7 32.Rxd7 Kxd7 33.Kd3 Kc6 34.Kc4 
a6 35.Bf2 Kd6 36.h4 Ba3 37.Be3 Bb4 38.h5 Kc6 39.Bf2 Ba3 40.Bg1 Bb4 41.Be3 
Kd6 42.g4 h6 43.Bg1 Ba3 44.Bf2 Bb4 45.Be3 Ba3 46.Bd2 Kc6 47.Bc3 Kd6 48.Bd2
Kc6 49.Ba5 Kd6 50.Be1 Kc6 51.Bg3 Kd6 52.Bf2 Bb4 53.Be3 Ba3 54.Bd2 1/2-1/2

[Event "17th ECh U20"]
[Site "Arnhem NED"]
[Date "1987.12.26"]
[Round "7"]
[White "Pieniazek, Artur"]
[Black "Hansen, Lars Bo"]
[Result "1/2-1/2"]
[WhiteElo "2280"]
[BlackElo "2355"]
[EventDate "1987.12.19"]
[PlyCount "142"]

1.d4 e6 2.c4 Bb4+ 3.Bd2 Qe7 4.e4 Nf6 5.Bd3 Bxd2+ 6.Qxd2 d6 7.Nc3 e5 8.d5 
O-O 9.Nge2 a5 10.O-O Na6 11.Rab1 Nc5 12.b3 c6 13.a3 cxd5 14.cxd5 Bd7 15.b4
axb4 16.axb4 Nxd3 17.Qxd3 Ra3 18.Ra1 Rfa8 19.Rxa3 Rxa3 20.Qc4 Qd8 21.Nb5 
Bxb5 22.Qxb5 Nxe4 23.Qxb7 Ra8 24.Rc1 Rb8 25.Qa6 Nf6 26.Qc4 h5 27.h3 Nd7 
28.b5 Nc5 29.Nc3 Qb6 30.Rb1 Ra8 31.Qh4 g6 32.Ne4 Ra4 33.Nf6+ Kg7 34.Qg5 
Ra2 35.Nxh5+ Kh7 36.Nf6+ Kg7 37.Ng4 Nd7 38.Rc1 Ra8 39.Rc6 Qxb5 40.Rxd6 Ra6
41.Rxa6 Qxa6 42.Qe7 Qa4 43.Kh2 Qf4+ 44.g3 Qf5 45.d6 Kh8 46.Kg2 Qe4+ 47.Kg1
Qb1+ 48.Kh2 Qf5 49.Qd8+ Kg7 50.Qe8 e4 51.Qe7 Nc5 52.Qh4 Qe6 53.Qh6+ Kg8 
54.Qd2 Nd7 55.Kg2 f5 56.Ne3 Kf7 57.Qd4 Ne5 58.Qa7+ Qd7 59.Qa2+ Qe6 60.Qa3 
Nd7 61.h4 Nf6 62.Qc5 Qd7 63.Nc4 Ke6 64.Qe5+ Kf7 65.Qa5 Ke6 66.Qa2 Qb7 67.
Kg1 Qd5 68.Qa4 Nd7 69.Ne3 Qxd6 70.Qc4+ Kf6 71.Qg8 Qf8 1/2-1/2